000 00585cam a22002172a 4500
001 012747
003 AR-FADEU
008 311216n1976####xxu####################dd
092 _a823.912
_bL419
100 _aAndrews, W. T.
245 _aCritics on D. H. Lawrence
260 _aLondon
260 _bG. Allen and Unwin
260 _c1976
300 _a126 p.
440 _aReadings in literary criticism
500 _aIncludes bibliography
650 _aLITERATURA INGLESA-SIGLO XX; LAWRENCE, DAVID HERBERT/REVISADO/CRITICA LITERARIA
546 _ainglés
942 _cBDGR
999 _c18515
_d18515